000 00469cam a2200181ua 4500
001 1502
008 110711n ii |||gr||||Z||||||eng
040 _cMAIN
082 _a338.9
100 1 _aAgarwala A. N.,
_eAuthor.
245 1 _aThe economics od underdevelopment
_ced. by A. N. Agarwala
250 _a1st.
260 _aDelhi:
_bOxford University press,984.
300 _a510p:
_c23cm.
653 _aEconomics
653 _aEconomics underdevelopment
942 _cBK
999 _c1391
_d1391